000 00227nam a2200097Ia 4500
008 240331s9999 xx 000 0 und d
082 _bKES
100 _aKeshavan, K
245 0 _aSuamariyathai Iyakkamum pothu udamayum
942 _cL
999 _c2400
_d2400